Widok standardowy
Widok MARC
Pozycja Personal Name
Liczba rekordów, w których użyto hasła: 1
001 - Numer kontrolny
- control field: 39556
003 - Identyfikator numeru kontrolnego
- control field: NUKAT
005 - Data i czas ostatniej modyfikacji
- control field: 20260407141741.0
008 - Dane kontrolne kodowane (40 znaków)
- fixed length control field: 140123n||a|znnaabn |a aaa |c
010 ## - Numer kontrolny Biblioteki Kongresu
- numer kontrolny LC: n 2014075523
024 7# - OTHER STANDARD IDENTIFIER
- Standard number or code: 79147266861335482188
- Source of number or code: viaf
040 ## - Instytucja sporządzająca rekord
- inst. przygot. dane do rek. khw: SZCZ M/MK
- język haseł przedmiotowych/tezaurus: kaba
- inst. wprow. rek. khw: SZCZ M/MK
100 1# - Hasło - nazwa osobowa
- nazwa osobowa w formie ujednoliconej: Marczyński, Dariusz.
670 ## - Źródło informacji
- źródło informacji: Zbiór opracowań z wykładów bloku tematycznego Działania operacyjne (wybrane zagadnienia) / pod red. Jarosława Zarzyckiego. - Warszawa, 2013.
- gdzie znaleziono informację: Aut.
670 ## - Źródło informacji
- źródło informacji: BNPol online